| 000 | 00324nam a2200109Ia 4500 | ||
|---|---|---|---|
| 008 | 230907s9999||||xx |||||||||||||| ||und|| | ||
| 082 | _a621.31,ELE | ||
| 245 | 0 | _aElectric power generation, transmission, and distribution / | |
| 260 |
_aCRC Press, _bBoca Raton, FL : _c2012 |
||
| 300 | _a1 v. (various pagings) : | ||
| 942 | _cBK | ||
| 999 |
_c597869 _d597869 |
||